Evolving pathways : (Record no. 7056)

MARC details
000 -LEADER
fixed length control field 01529cam a22003737a 4500
001 - CONTROL NUMBER
control field 15234076
003 - CONTROL NUMBER IDENTIFIER
control field OSt
005 - DATE AND TIME OF LATEST TRANSACTION
control field 20210831101317.0
008 - FIXED-LENGTH DATA ELEMENTS--GENERAL INFORMATION
fixed length control field 080326s2008 enka b 001 0 eng
010 ## - LIBRARY OF CONGRESS CONTROL NUMBER
LC control number 2008272097
015 ## - NATIONAL BIBLIOGRAPHY NUMBER
National bibliography number GBA783986
Source bnb
016 7# - NATIONAL BIBLIOGRAPHIC AGENCY CONTROL NUMBER
Record control number 014100635
Source Uk
020 ## - INTERNATIONAL STANDARD BOOK NUMBER
International Standard Book Number 9780521875004 (hbk.)
020 ## - INTERNATIONAL STANDARD BOOK NUMBER
International Standard Book Number 0521875005 (hbk.)
035 ## - SYSTEM CONTROL NUMBER
System control number (OCoLC)ocn171110404
040 ## - CATALOGING SOURCE
Original cataloging agency UKM
Transcribing agency DDC
Modifying agency YDXCP
-- BTCTA
-- BAKER
-- FCM
-- DLC
042 ## - AUTHENTICATION CODE
Authentication code ukblsr
-- lccopycat
050 00 - LIBRARY OF CONGRESS CALL NUMBER
Classification number QH491
Item number .E966 2008
082 04 - DEWEY DECIMAL CLASSIFICATION NUMBER
Classification number 576.8EVO2008
100 ## - MAIN ENTRY--PERSONAL NAME
Personal name Minelli,Alessandro;Fusco,Giuseppe
9 (RLIN) 14528
245 00 - TITLE STATEMENT
Title Evolving pathways :
Remainder of title key themes in evolutionary developmental biology /
Statement of responsibility, etc. edited by Minelli,Alessandro and Fusco,Giuseppe;
260 ## - PUBLICATION, DISTRIBUTION, ETC. (IMPRINT)
Place of publication, distribution, etc. Cambridge ;
-- New York :
Name of publisher, distributor, etc. Cambridge University Press,
Date of publication, distribution, etc. 2008.
300 ## - PHYSICAL DESCRIPTION
Extent xviii, 426 p. :
Other physical details ill. ;
Dimensions 24 cm.
504 ## - BIBLIOGRAPHY, ETC. NOTE
Bibliography, etc Includes bibliographical references and index.
650 #0 - SUBJECT ADDED ENTRY--TOPICAL TERM
Topical term or geographic name as entry element Biology.
9 (RLIN) 5602
700 1# - ADDED ENTRY--PERSONAL NAME
Personal name Fusco, Giuseppe.
9 (RLIN) 14529
700 1# - ADDED ENTRY--PERSONAL NAME
Personal name Minelli, Alessandro.
9 (RLIN) 14008
856 42 - ELECTRONIC LOCATION AND ACCESS
Materials specified Contributor biographical information
Uniform Resource Identifier http://www.loc.gov/catdir/enhancements/fy0827/2008272097-b.html
856 42 - ELECTRONIC LOCATION AND ACCESS
Materials specified Publisher description
Uniform Resource Identifier http://www.loc.gov/catdir/enhancements/fy0827/2008272097-d.html
856 41 - ELECTRONIC LOCATION AND ACCESS
Materials specified Table of contents only
Uniform Resource Identifier http://www.loc.gov/catdir/enhancements/fy0827/2008272097-t.html
906 ## - LOCAL DATA ELEMENT F, LDF (RLIN)
a 7
b cbc
c copycat
d 2
e ncip
f 20
g y-gencatlg
942 ## - ADDED ENTRY ELEMENTS (KOHA)
Source of classification or shelving scheme Dewey Decimal Classification
Koha item type Open Shelf
Holdings
Withdrawn status Lost status Source of classification or shelving scheme Damaged status Not for loan Home library Current library Date acquired Source of acquisition Inventory number Total Checkouts Full call number Barcode Date last seen Price effective from Koha item type
    Dewey Decimal Classification     MUST Main Library MUST Main Library 31/08/2021 Donation 10/32209   576.8EVO2008 2021-0740 31/08/2021 31/08/2021 Open Shelf